000 00866nam a2200253Ia 4500
003 OSt
005 20220923220011.0
006 a|||||r|||| 00| 0
007 ta
008 220922b |||||||| |||| 00| 0 hin d
024 _a183,455
037 _cTextual
040 _aARTS
_cARTS
_bhin
041 _2hin
_ahin
082 _aO152,1:gN, M7
100 _aकमल कुमार
245 0 _aकाव्य परम्परा और नई कविता की भूमिका
246 _aKāvya paramparā aur naī kavitā kī bhūmikā
260 _aदिल्ली
_b प्रेम प्रकाशन मन्दिर
_c1987
300 _a134 पृ.
_ccm.
650 _aहिन्दी साहित्य
_9156264
942 _hO152,1:gN, M7
_cTEXL
_2CC
999 _c336791
_d336791